Statistics for 4th & 5th Gen Kpop Idols by group

Click here to take the quiz!

General Stats

  • This quiz has been taken 81 times
  • The average score is 95 of 175

Answer Stats

HintAnswer% Correct
EverglowE:U
96%
Stray KidsBang Chan
95%
Stray KidsI.N
95%
StayCJ
95%
Stray KidsFelix
93%
Stray KidsHan
93%
Loossemble (Ex Loona) | Stray KidsHyunjin
93%
AespaKarina
93%
AespaWinter
93%
Stray KidsChangbin
89%
NmixxLily
89%
(G)i-dleMinnie
89%
TXTSoobin
89%
TXTBeomgyu
87%
Le SserafimChaewon
87%
New JeansDanielle
87%
AespaGiselle
87%
TXTHuening Kai
87%
New JeansHyein
87%
ItzyLia
87%
AespaNingning
87%
ItzyRyujin
87%
Stray KidsSeungmin
87%
TXTTaehyun
87%
ItzyYeji
87%
Ive | Kep1er | ZEROBASEONEYujin
87%
(G)i-dleYuqi
87%
EnhypenJay
85%
Stray KidsLeeknow
85%
(G)i-dleMiyeon
85%
Le SserafimSakura
85%
(G)i-dleSoyeon
85%
IveWonyoung
85%
ItzyYuna
85%
Le SserafimYunjin
85%
New JeansHanni
84%
Le SserafimKazuha
84%
EnhypenNiki
84%
TXTYeonjun
84%
Le SserafimEunchae
82%
New JeansHaerin
82%
EnhypenSunghoon
82%
EnhypenSunoo
82%
EnhypenJake
80%
IveLiz
78%
AteezSan
78%
(G)i-dleShuhua
78%
New JeansMinji
76%
ItzyChaeryeong
75%
EnhypenJungwon
75%
BabymonsterAhyeon
73%
NmixxJiwoo
73%
IveRei
73%
IveLeeseo
71%
Kiss of LifeNatty
71%
NCT 127 | NCT DreamMark
69%
Kiss of LifeBelle
67%
IveGaeul
65%
NmixxHaewon
65%
Kiss of LifeJulie
65%
ZEROBASEONERicky
65%
IllitWonhee
65%
NmixxBae
64%
EnhypenHeesung
64%
BabymonsterAsa
62%
BabymonsterChiquita
62%
AteezMingi
62%
IllitMoka
62%
NmixxSullyoon
62%
AteezWooyoung
60%
P1HarmonyKeeho
58%
AteezYeosang
58%
AteezJongho
56%
NmixxKyujin
56%
BabymonsterRora
56%
BabymonsterRuka
56%
IllitMinju
55%
RIIZEAnton
53%
Kep1erBahiyyih
53%
Kiss of LifeHaneul
53%
AteezHongjoong
53%
AteezSeonghwa
53%
IllitIroha
51%
BabymonsterRami
51%
AteezYunho
51%
(Ex) LoonaChuu
49%
Kep1erXiaoting
49%
IllitYunah
49%
RIIZEWonbin
47%
P1HarmonyIntak
45%
NCT 127Johnny
45%
BabymonsterPharita
45%
P1HarmonySoul
45%
NCT 127Taeyong
45%
ZEROBASEONEZhang Hao
45%
NCT DreamChenle
44%
StayCIsa
44%
Young PosseJieun
44%
RIIZEShotaro
44%
BilllieTsuki
44%
NCT DreamJisung
42%
ZEROBASEONEJiwoong
42%
StayCSieun
42%
RIIZESungchan
42%
StayCYoon
42%
NCT 127 | NCT DreamHaechan
40%
NCT 127Jaehyun
40%
NCT DreamJaemin
40%
NCT DreamJeno
40%
ZEROBASEONEMatthew
40%
NCT DreamRenjun
40%
StayCSeeun
40%
ZEROBASEONEGyuvin
38%
ZEROBASEONEHanbin
38%
WayVHendery
38%
Kep1erMashiro
38%
EverglowMia
38%
BilllieMoon Sua
38%
WayVTen
38%
P1HarmonyTheo
38%
WayVXiaojun
38%
NCT 127Yuta
38%
P1HarmonyJiung
36%
EverglowOnda
36%
RIIZESeunghan
36%
NCT 127Taeil
36%
WayVWinwin
36%
EverglowAisha
35%
NCT 127Doyoung
35%
ZEROBASEONEGunwook
35%
Kep1erHikaru
35%
RIIZESohee
35%
StayCSumin
35%
Kep1erYeseo
35%
Kep1erChaehyun
33%
RIIZEEunseok
33%
NCT 127Jungwoo
33%
WayVKun
33%
ZEROBASEONETaerae
33%
EverglowYiren
33%
ARTMS (Ex Loona)Choerry
31%
WayVYangyang
31%
Kep1erDayeon
27%
ARTMS (Ex Loona)Heejin
27%
Loossemble (Ex Loona)Yeojin
27%
ARTMS (Ex Loona)Jinsoul
25%
Loossemble (Ex Loona)Vivi
25%
(Ex) LoonaYves
25%
ARTMS (Ex Loona)Kim Lip
24%
EverglowSihyeon
24%
Kep1erYoungeun
22%
Loossemble (Ex Loona)Gowon
20%
ARTMS (Ex Loona)Haseul
20%
P1HarmonyJeongseob
20%
BilllieHaram
18%
Loossemble (Ex Loona)Hyeju
18%
NCT WishSion
18%
NCT WishSakuya
16%
Young PosseDoeun
13%
BilllieHaruna
13%
Young PosseJiana
13%
NCT WishRyo
13%
BilllieSheon
13%
Young PosseSunhye
13%
Young PosseYeonjung
13%
NCT WishRiku
11%
NCT WishJaehee
9%
BilllieSiyoon
9%
BilllieSuhyeon
9%
NCT WishYushi
9%

Score Distribution

Percentile by Number Answered

Percent of People with Each Score

Your Score History

You have not taken this quiz